000 00778naa a2200217 i 4500
001 2546
003 ES-MaBCM
005 20241016090650.0
008 880706s1988 fra 000 0 fre d
021 _axx
035 _a(OCoLC)1365176159
040 _cES-MaBCM
041 0 _afre
043 _afra
245 0 3 _aLe Ministère de l'Environnement
_b: attributions, organisation
520 _aVarios autores tratan los temas del ministerio: la calidad de vida, el agua, la protección de la naturaleza, el urbanismo, la investigación, ...
650 2 7 _aProtección del medio ambiente
_959954
651 4 _aFrancia
_9115364
773 0 _aEn:
_tAdministration : revue de l'administration territorale de l'État
_dParis : 1988
_w104652
_gnº 139, abril ; p. 6-160
942 _cAREV
999 _c2546
_d2546